[Event "European Women-ch 2023"]
[Site "Petrovac"]
[Date "2023.03.18"]
[Round "1.7"]
[White "Kulon, Klaudia"]
[Black "Silva, Mariana Sofia T."]
[Result "1-0"]
[WhiteElo "2290"]
[BlackElo "1920"]
[Annotator "TA"]
[PlyCount "129"]
[EventDate "2023.03.15"]
[EventType "swiss"]
[EventCountry "MNE"]
[SourceTitle "playchess.com"]
[Source "ChessBase"]
[SourceQuality "1"]

1. e4 c6 2. Nf3 d5 3. Nc3 Bg4 4. h3 Bxf3 5. Qxf3 e6 6. d3 Bc5 7. Bd2 Nd7 8. O-O-O d4 9. Ne2 Ngf6 10. g4 Qb6 11. g5 Ng8 12. h4 Ne7 13. Bh3 Bd6 14. h5 c5 15. Bf4 Qc7 16. Kb1 Rf8 17. Qg3 Bxf4 18. Nxf4 e5 19. Ne2 O-O-O 20. c3 Kb8 21. cxd4 cxd4 22. Rc1 Qd6 23. Bf5 Nxf5 24. exf5 Nb6 25. Qf3 Nd5 26. Ng3 Rc8 27. Ne4 Qb6 28. Rc4 Nc3+ 29. Nxc3 dxc3 30. b3 Rfd8 31. Rc1 Rxc4 32. dxc4 Rd2 33. Qxc3 Qd4 34. Qxd4 exd4 35. Re1 Rxf2 36. Re8+ Kc7 37. Re7+ Kc6 38. Rxf7 d3 39. Kc1 Kc5 40. Rd7 Rxf5 41. Kd2 Rxg5 42. Rxb7 Kd4 43. Rd7+ Ke4 44. Kc3 a5 45. Rd4+ Kf3 46. Kxd3 Rxh5 47. Rd5 Rh1 48. c5 h5 49. c6 Rc1 50. Rxh5 Rxc6 51. Rxa5 Kf4 52. Ra7 g5 53. b4 g4 54. Rf7+ Kg3 55. b5 Rc1 56. b6 Rb1 57. b7 Kh2 58. a4 g3 59. Rh7+ Kg1 60. a5 g2 61. a6 Kf2 62. Rf7+ Kg3 63. Rg7+ Kf2 64. Rxg2+ Kxg2 65. a7 1-0

[Event "European Women-ch 2023"]
[Site "Petrovac"]
[Date "2023.03.18"]
[Round "1.8"]
[White "Lach, Aleksandra"]
[Black "Stefanova, Antoaneta"]
[Result "1/2-1/2"]
[WhiteElo "2170"]
[BlackElo "2435"]
[Annotator "TA"]
[PlyCount "83"]
[EventDate "2023.03.15"]
[EventType "swiss"]
[EventCountry "MNE"]
[SourceTitle "playchess.com"]
[Source "ChessBase"]
[SourceQuality "1"]

1. e4 e5 2. Bc4 Nf6 3. d3 Bc5 4. Nc3 c6 5. Qf3 b5 6. Bb3 a5 7. a4 b4 8. Nd1 d5 9. Bg5 Be6 10. Bxf6 gxf6 11. exd5 cxd5 12. Ne3 Nc6 13. Ne2 Bxe3 14. fxe3 Rg8 15. Ng3 Rg6 16. O-O Rc8 17. c3 bxc3 18. bxc3 Ne7 19. c4 e4 20. dxe4 dxc4 21. Bc2 Nc6 22. Nh5 Nb4 23. Qf2 Nxc2 24. Qxc2 c3 25. Nf4 Rg5 26. Rab1 Qd2 27. Qxd2 cxd2 28. Nxe6 fxe6 29. Rbd1 Re5 30. Rxd2 Rxe4 31. Rxf6 Rxe3 32. Rh6 Rc7 33. Rh5 Ra7 34. Kf2 Re4 35. Re2 Rf7+ 36. Ke1 Rxa4 37. Rxe6+ Kf8 38. Ree5 Ra1+ 39. Ke2 Ra2+ 40. Ke3 Rxg2 41. Rxa5 Rg6 42. Raf5 1/2-1/2

[Event "European Women-ch 2023"]
[Site "Petrovac"]
[Date "2023.03.18"]
[Round "1.8"]
[White "Hajiyeva, Laman"]
[Black "Guichard, Pauline"]
[Result "1-0"]
[WhiteElo "2118"]
[BlackElo "2379"]
[Annotator "TA"]
[PlyCount "73"]
[EventDate "2023.03.15"]
[EventType "swiss"]
[EventCountry "MNE"]
[SourceTitle "playchess.com"]
[Source "ChessBase"]
[SourceQuality "1"]

1. e4 e5 2. Nf3 Nc6 3. Bc4 Nf6 4. Ng5 d5 5. exd5 Na5 6. Bb5+ c6 7. dxc6 bxc6 8. Bd3 Ng4 9. Ne4 f5 10. Be2 h5 11. h3 fxe4 12. hxg4 Bc5 13. Nc3 Qd4 14. O-O O-O 15. Qe1 hxg4 16. d3 exd3 17. Bxd3 Bb6 18. Be3 Qd6 19. Ne4 Qe7 20. Ng3 Bd7 21. Bxb6 axb6 22. Qe4 Qh4 23. b4 Nb7 24. Qxe5 Rf6 25. Nh5 Re8 26. Nxf6+ gxf6 27. Qc7 Re5 28. Qxd7 Rh5 29. Qc8+ Kg7 30. Qxb7+ Kf8 31. Qc8+ Kf7 32. Qd7+ Kf8 33. Qd8+ Kf7 34. Bc4+ Kg6 35. Qg8+ Kh6 36. Qf8+ Kg6 37. Bf7+ 1-0

[Event "European Women-ch 2023"]
[Site "Petrovac"]
[Date "2023.03.18"]
[Round "1.8"]
[White "Petrovska, Katerina"]
[Black "Hrebenshchykova, Yelyzaveta"]
[Result "0-1"]
[WhiteElo "1907"]
[BlackElo "2289"]
[Annotator "TA"]
[PlyCount "58"]
[EventDate "2023.03.15"]
[EventType "swiss"]
[EventCountry "MNE"]
[SourceTitle "playchess.com"]
[Source "ChessBase"]
[SourceQuality "1"]

1. e4 c5 2. Nc3 Nc6 3. Bb5 Nd4 4. Nf3 e6 5. Bd3 Ne7 6. Nb5 Nxb5 7. Bxb5 Qa5 8. Be2 d5 9. exd5 Nxd5 10. O-O Be7 11. d4 O-O 12. c4 Nf6 13. dxc5 Rd8 14. Qc2 Qxc5 15. Be3 Qc7 16. Rad1 Bd7 17. Rd4 e5 18. Rh4 e4 19. Nd4 Qe5 20. Qc3 Nd5 21. Rh5 Qxh5 22. cxd5 Qxd5 23. f3 Rac8 24. Qe1 Bc5 25. fxe4 Qxe4 26. Qf2 Be6 27. Rd1 Bxd4 28. Bxd4 Rc2 29. Be3 Rxd1+ 0-1

[Event "European Women-ch 2023"]
[Site "Petrovac"]
[Date "2023.03.18"]
[Round "1.9"]
[White "Arabidze, Meri"]
[Black "Shpanko, Nadiia"]
[Result "1/2-1/2"]
[WhiteElo "2433"]
[BlackElo "2164"]
[Annotator "TA"]
[PlyCount "92"]
[EventDate "2023.03.15"]
[EventType "swiss"]
[EventCountry "MNE"]
[SourceTitle "playchess.com"]
[Source "ChessBase"]
[SourceQuality "1"]

1. d4 d5 2. c4 e6 3. Nc3 Nf6 4. Nf3 a6 5. cxd5 exd5 6. Bg5 Be6 7. Bxf6 Qxf6 8. Qb3 Ra7 9. g3 Qd8 10. Bg2 c6 11. O-O Nd7 12. Rad1 Be7 13. Rfe1 O-O 14. a3 a5 15. Qc2 b5 16. e4 b4 17. axb4 axb4 18. exd5 cxd5 19. Ne2 Rc7 20. Qb3 Bd6 21. Nc1 Rc4 22. Ne5 Bxe5 23. dxe5 d4 24. Qf3 Qc7 25. Nd3 Rd8 26. Nf4 Nc5 27. Nxe6 Nxe6 28. Bf1 Rc5 29. Qf5 g6 30. Qf6 Rc2 31. b3 Rc3 32. Bh3 Rc6 33. Qh4 d3 34. Bxe6 Rxe6 35. Qxb4 Rxe5 36. Rxe5 Qxe5 37. Qd2 Qd5 38. b4 Qb3 39. Kg2 Kg7 40. h4 Rd4 41. Qe3 Qd5+ 42. Qf3 Qxf3+ 43. Kxf3 Rxb4 44. Rxd3 h5 45. Kg2 Re4 46. Kf3 Rb4 1/2-1/2

[Event "European Women-ch 2023"]
[Site "Petrovac"]
[Date "2023.03.18"]
[Round "1.9"]
[White "Mkrtchian, Lilit"]
[Black "Paasikangas, Johanna"]
[Result "1-0"]
[WhiteElo "2379"]
[BlackElo "2115"]
[Annotator "TA"]
[PlyCount "93"]
[EventDate "2023.03.15"]
[EventType "swiss"]
[EventCountry "MNE"]
[SourceTitle "playchess.com"]
[Source "ChessBase"]
[SourceQuality "1"]

1. c4 c5 2. Nf3 Nc6 3. Nc3 g6 4. e3 Bg7 5. d4 cxd4 6. exd4 d6 7. d5 Ne5 8. Nxe5 Bxe5 9. Bd3 Bg7 10. O-O Nh6 11. Re1 O-O 12. Bg5 Re8 13. Qd2 Ng4 14. h3 Ne5 15. Bf1 a6 16. Rac1 f6 17. Be3 Bd7 18. f4 Nf7 19. Qf2 f5 20. Bb6 Qb8 21. a4 Bf6 22. b3 Kg7 23. Re3 Rg8 24. Rce1 Qf8 25. Ne2 Re8 26. Nd4 Kh8 27. Nf3 Qg7 28. Qd2 h6 29. Bd4 Nd8 30. Qc3 Rgf8 31. Bxf6 Rxf6 32. h4 Kg8 33. a5 Kf8 34. Qb2 Qf7 35. b4 Bc8 36. Ng5 Qg7 37. Qxf6+ Qxf6 38. Nh7+ Kf7 39. Nxf6 Kxf6 40. c5 e5 41. cxd6 e4 42. b5 Nf7 43. bxa6 bxa6 44. Rb1 Nxd6 45. Rb6 Ke7 46. Rc3 Bd7 47. Rxa6 1-0

[Event "European Women-ch 2023"]
[Site "Petrovac"]
[Date "2023.03.18"]
[Round "1.9"]
[White "Schulze, Lara"]
[Black "Shuqja, Klean"]
[Result "1-0"]
[WhiteElo "2277"]
[BlackElo "1884"]
[Annotator "TA"]
[PlyCount "81"]
[EventDate "2023.03.15"]
[EventType "swiss"]
[EventCountry "MNE"]
[SourceTitle "playchess.com"]
[Source "ChessBase"]
[SourceQuality "1"]

1. e4 c6 2. d4 d5 3. exd5 cxd5 4. Nf3 Nc6 5. c3 Qc7 6. g3 Bg4 7. Bf4 Bxf3 8. Qxf3 Qd7 9. Bd3 e6 10. O-O Nf6 11. Nd2 Bd6 12. Rae1 O-O 13. Be5 Qe7 14. Qe2 Bxe5 15. dxe5 Nd7 16. f4 g6 17. Kg2 h5 18. g4 hxg4 19. Qxg4 Kg7 20. Nf3 Rh8 21. Ng5 Rh6 22. h4 Rah8 23. Rh1 Nc5 24. Be2 Ne4 25. Bf3 Nxg5 26. fxg5 R6h7 27. Qf4 b5 28. Be2 a6 29. h5 Rf8 30. Qf6+ Qxf6 31. exf6+ Kg8 32. hxg6 fxg6 33. Bg4 Nd8 34. Bxe6+ Nxe6 35. Rxh7 Nf4+ 36. Kf3 Kxh7 37. Kxf4 Rd8 38. Re7+ Kg8 39. Ke5 b4 40. cxb4 d4 41. f7+ 1-0

[Event "European Women-ch 2023"]
[Site "Petrovac"]
[Date "2023.03.18"]
[Round "1.10"]
[White "Mayrhuber, Nikola"]
[Black "Socko, Monika"]
[Result "0-1"]
[WhiteElo "2162"]
[BlackElo "2432"]
[Annotator "TA"]
[PlyCount "80"]
[EventDate "2023.03.15"]
[EventType "swiss"]
[EventCountry "MNE"]
[SourceTitle "playchess.com"]
[Source "ChessBase"]
[SourceQuality "1"]

1. d4 Nf6 2. c4 e6 3. Nc3 Bb4 4. e3 O-O 5. Nf3 d5 6. Bd2 b6 7. cxd5 exd5 8. Rc1 Bb7 9. Bd3 Nbd7 10. O-O Qe7 11. a3 Bxc3 12. Bxc3 Rfd8 13. b4 Ne4 14. Bb2 c6 15. Bb1 a5 16. Qb3 Ba6 17. Rfe1 Bc4 18. Rxc4 dxc4 19. Qxc4 axb4 20. axb4 Ndf6 21. Ne5 b5 22. Qe2 Rdc8 23. f3 Ng5 24. Nd3 Nd5 25. Qd2 Nb6 26. Ne5 f6 27. h4 fxe5 28. hxg5 Nc4 29. Qc2 Nxb2 30. Qxh7+ Kf8 31. Qh8+ Kf7 32. Qh5+ Ke6 33. g6 Kd6 34. f4 Kc7 35. fxe5 Rh8 36. Qf3 Raf8 37. Bf5 Qh4 38. Kf1 Qg5 39. g4 Rh2 40. Qg3 Rxf5+ 0-1

[Event "European Women-ch 2023"]
[Site "Petrovac"]
[Date "2023.03.18"]
[Round "1.10"]
[White "Dwilewicz, Katarzyna"]
[Black "Garifullina, Leya"]
[Result "0-1"]
[WhiteElo "2114"]
[BlackElo "2372"]
[Annotator "TA"]
[PlyCount "192"]
[EventDate "2023.03.15"]
[EventType "swiss"]
[EventCountry "MNE"]
[SourceTitle "playchess.com"]
[Source "ChessBase"]
[SourceQuality "1"]

1. e4 c5 2. Nf3 d6 3. d4 cxd4 4. Nxd4 Nf6 5. Nc3 a6 6. Be2 e5 7. Nb3 Be7 8. Bg5 Be6 9. Bxf6 Bxf6 10. Qd3 Be7 11. O-O-O Nd7 12. Nd5 Bg5+ 13. Kb1 Rc8 14. g3 Nc5 15. Nxc5 Rxc5 16. h4 Be7 17. Nxe7 Kxe7 18. Qe3 Qc7 19. Qg5+ Kf8 20. Rd2 h6 21. Qe3 Ke7 22. f4 Rc8 23. Rc1 Qa5 24. a3 f6 25. f5 Bf7 26. g4 Qa4 27. Bd1 Qc6 28. g5 hxg5 29. hxg5 b5 30. Rh2 Rc4 31. Bf3 b4 32. gxf6+ gxf6 33. axb4 Rxb4 34. c3 Rb7 35. c4 Rcb8 36. Rc3 Qa4 37. Qd3 Rb4 38. Rd2 R8b6 39. Bd1 Qa5 40. Ra3 Qc5 41. Ra4 Qxc4 42. Qxc4 Rxc4 43. Rxc4 Bxc4 44. b3 a5 45. Ka2 Bf7 46. Ka3 Rb4 47. Bc2 Rb5 48. Rh2 Rc5 49. Kb2 d5 50. exd5 Bxd5 51. Rh7+ Kf8 52. Bd3 e4 53. Be2 Ke8 54. Bh5+ Kd8 55. Bg6 Bc6 56. Rf7 e3 57. Rxf6 Bd7 58. Rf8+ Ke7 59. Rh8 Kf6 60. Rh3 Re5 61. Bh5 e2 62. Bxe2 Rxe2+ 63. Ka3 Re5 64. Rf3 Rd5 65. Rf2 Rd3 66. Kb2 Be8 67. Kc2 Re3 68. Rd2 Bf7 69. Rd3 Re2+ 70. Kc3 Re5 71. Rf3 Rb5 72. Kc2 Bd5 73. Re3 Kxf5 74. Rg3 Ke5 75. Rc3 Kd6 76. Rg3 Rb8 77. Rc3 Rb7 78. Rg3 Kc5 79. Rh3 Rb4 80. Rg3 Rf4 81. Kc3 Rf2 82. Re3 Rg2 83. Rh3 Ra2 84. Re3 Rf2 85. Rh3 Be4 86. Rh5+ Bf5 87. b4+ axb4+ 88. Kb3 Rf3+ 89. Kb2 Kb5 90. Ka2 Ka4 91. Rh2 Be6+ 92. Kb2 Rb3+ 93. Ka1 Rh3 94. Re2 Bc4 95. Rd2 Re3 96. Kb2 Re2 0-1

[Event "European Women-ch 2023"]
[Site "Petrovac"]
[Date "2023.03.18"]
[Round "1.10"]
[White "Karaivanova, Petya"]
[Black "Antolak, Julia"]
[Result "0-1"]
[WhiteElo "1875"]
[BlackElo "2276"]
[Annotator "TA"]
[PlyCount "72"]
[EventDate "2023.03.15"]
[EventType "swiss"]
[EventCountry "MNE"]
[SourceTitle "playchess.com"]
[Source "ChessBase"]
[SourceQuality "1"]

1. e4 c5 2. Nf3 Nc6 3. d4 cxd4 4. Nxd4 Nf6 5. Nc3 d6 6. Bg5 e6 7. Qd2 a6 8. f3 Be7 9. h4 Nxd4 10. Qxd4 Qc7 11. O-O-O b5 12. g4 Bb7 13. Rh3 Rc8 14. Qd2 b4 15. Bxf6 Bxf6 16. Ne2 d5 17. g5 Be7 18. exd5 Bxd5 19. Nf4 Bxa2 20. Bxa6 Rb8 21. Nh5 O-O 22. Qd7 Qc5 23. Qd4 Qxd4 24. Rxd4 Bc5 25. Re4 Bd5 26. Re1 b3 27. Nf4 Bc6 28. Bc4 bxc2 29. Kxc2 Bd4 30. b3 Ra8 31. Nxe6 Bd7 32. Nxd4 Bxh3 33. Kc3 Rfe8 34. Rd1 Rad8 35. Rb1 Re3+ 36. Bd3 Rxd3+ 0-1

[Event "European Women-ch 2023"]
[Site "Petrovac"]
[Date "2023.03.18"]
[Round "1.11"]
[White "Danielian, Elina"]
[Black "Gaboyan, Susanna"]
[Result "1/2-1/2"]
[WhiteElo "2431"]
[BlackElo "2160"]
[Annotator "TA"]
[PlyCount "105"]
[EventDate "2023.03.15"]
[EventType "swiss"]
[EventCountry "MNE"]
[SourceTitle "playchess.com"]
[Source "ChessBase"]
[SourceQuality "1"]

1. Nf3 Nf6 2. c4 g6 3. Nc3 c5 4. d4 cxd4 5. Nxd4 Bg7 6. e4 d6 7. Be2 Nc6 8. Be3 O-O 9. O-O a6 10. Rc1 Bd7 11. Nb3 Ne5 12. Nd5 Nxd5 13. cxd5 Bb5 14. Nd4 Bxe2 15. Qxe2 Qa5 16. b3 Rfc8 17. h3 Qd8 18. f4 Nd7 19. Nf3 Rxc1 20. Rxc1 Rc8 21. Rc4 Nf6 22. Kh2 Rxc4 23. Qxc4 Ne8 24. a4 Qc7 25. g4 Qxc4 26. bxc4 Bc3 27. g5 Nc7 28. Nd4 Bb4 29. Kg3 Bc5 30. Kf3 Na8 31. Nb3 b6 32. e5 Nc7 33. a5 Bxe3 34. Kxe3 b5 35. Kd4 bxc4 36. Kxc4 Nb5 37. Nd2 Kg7 38. Ne4 h6 39. h4 hxg5 40. hxg5 Kf8 41. Kd3 Ke8 42. Nd2 Kd7 43. Nc4 e6 44. exd6 exd5 45. Ne5+ Kxd6 46. Nxf7+ Ke6 47. Ne5 Kf5 48. Ke3 Nd6 49. Nc6 Nc4+ 50. Kf3 Nd2+ 51. Ke2 Nc4 52. Kf3 Nd2+ 53. Ke2 1/2-1/2

[Event "European Women-ch 2023"]
[Site "Petrovac"]
[Date "2023.03.18"]
[Round "1.11"]
[White "Balajayeva, Khanim"]
[Black "Berke, Ana"]
[Result "1/2-1/2"]
[WhiteElo "2372"]
[BlackElo "2107"]
[Annotator "TA"]
[PlyCount "56"]
[EventDate "2023.03.15"]
[EventType "swiss"]
[EventCountry "MNE"]
[SourceTitle "playchess.com"]
[Source "ChessBase"]
[SourceQuality "1"]

1. c4 c5 2. Nf3 Nc6 3. d4 cxd4 4. Nxd4 Nf6 5. Nc3 d6 6. e4 g6 7. Be2 Nxd4 8. Qxd4 Bg7 9. Be3 O-O 10. Qd2 Be6 11. Rc1 a6 12. f3 Qa5 13. Nd5 Qxd2+ 14. Kxd2 Nxd5 15. cxd5 Bc8 16. b3 b5 17. Rc7 Re8 18. Rhc1 e6 19. R1c6 exd5 20. exd5 b4 21. Bf4 Bc3+ 22. Kd1 Bf5 23. Rxd6 Bb1 24. Bg3 Re3 25. Bf4 Ree8 26. Bg3 Re3 27. Bf4 Ree8 28. Bg3 Re3 1/2-1/2

[Event "European Women-ch 2023"]
[Site "Petrovac"]
[Date "2023.03.18"]
[Round "1.11"]
[White "Sliwicka, Alicja"]
[Black "Kostina, Veronika"]
[Result "1-0"]
[WhiteElo "2272"]
[BlackElo "1855"]
[Annotator "TA"]
[PlyCount "51"]
[EventDate "2023.03.15"]
[EventType "swiss"]
[EventCountry "MNE"]
[SourceTitle "playchess.com"]
[Source "ChessBase"]
[SourceQuality "1"]

1. e4 c5 2. Nf3 Nc6 3. d4 cxd4 4. Nxd4 Qb6 5. Nb3 Nf6 6. Nc3 e6 7. Bd3 a6 8. O-O d6 9. Kh1 Qc7 10. f4 b5 11. Qf3 Bb7 12. Bd2 Rc8 13. Rae1 Be7 14. Qh3 b4 15. Ne2 e5 16. Ng3 Qd7 17. Nf5 O-O 18. fxe5 dxe5 19. Bh6 Rfd8 20. Bxg7 Ne8 21. Qg3 h5 22. Nh6+ Kh7 23. Rf3 f5 24. Rxf5 Qe6 25. Rf7 Rxd3 26. Ref1 1-0

[Event "European Women-ch 2023"]
[Site "Petrovac"]
[Date "2023.03.18"]
[Round "1.12"]
[White "Zherebtsova, Alexandra"]
[Black "Badelka, Olga"]
[Result "0-1"]
[WhiteElo "2155"]
[BlackElo "2428"]
[Annotator "TA"]
[PlyCount "114"]
[EventDate "2023.03.15"]
[EventType "swiss"]
[EventCountry "MNE"]
[SourceTitle "playchess.com"]
[Source "ChessBase"]
[SourceQuality "1"]

1. c4 Nf6 2. Nf3 e6 3. Nc3 d5 4. e3 dxc4 5. Bxc4 a6 6. d4 b5 7. Be2 Bb7 8. a3 c5 9. O-O Nc6 10. dxc5 Bxc5 11. b4 Bd6 12. Bb2 O-O 13. Qb3 Qe7 14. Rfd1 Rfd8 15. Rd2 Ne5 16. Nxe5 Bxe5 17. Rad1 Rxd2 18. Rxd2 Rc8 19. Nb1 Bd5 20. Qd1 Bxb2 21. Rxb2 Qc7 22. Rd2 g6 23. f3 Kg7 24. Bd3 Qb6 25. Kf2 h5 26. Qe2 h4 27. Rc2 Rd8 28. Nc3 Bb7 29. Kg1 h3 30. Ne4 Bxe4 31. Bxe4 hxg2 32. Kxg2 Qd6 33. Bc6 Qe5 34. f4 Qa1 35. Ra2 Qc3 36. Bf3 Nd5 37. Bxd5 Rxd5 38. Kf3 Rd3 39. Kf2 Kf6 40. h4 Rd5 41. Kf3 Qc6 42. Kg3 Qc1 43. Kg2 Kg7 44. Rb2 Rd1 45. Rc2 Qb1 46. Qf2 Rh1 47. e4 Rxh4 48. Kg3 Rh5 49. Re2 Qh1 50. Qg2 Qh4+ 51. Kf3 Qh3+ 52. Kf2 Qxa3 53. f5 exf5 54. e5 Rh4 55. e6 Rf4+ 56. Kg1 Qc1+ 57. Kh2 Rh4+ 0-1

[Event "European Women-ch 2023"]
[Site "Petrovac"]
[Date "2023.03.18"]
[Round "1.12"]
[White "Makropoulou, Marina"]
[Black "Sargsyan, Anna M."]
[Result "1-0"]
[WhiteElo "2102"]
[BlackElo "2371"]
[Annotator "TA"]
[PlyCount "55"]
[EventDate "2023.03.15"]
[EventType "swiss"]
[EventCountry "MNE"]
[SourceTitle "playchess.com"]
[Source "ChessBase"]
[SourceQuality "1"]

1. e4 c6 2. d4 d5 3. Nc3 dxe4 4. Nxe4 Bf5 5. Ng3 Bg6 6. N1e2 Nf6 7. h4 h6 8. c3 e6 9. Nf4 Bh7 10. Qb3 Qc7 11. Be2 Nbd7 12. Be3 Bd6 13. Ngh5 O-O 14. O-O-O a5 15. Bd3 Nd5 16. Bxh7+ Kxh7 17. Qc2+ g6 18. Nxd5 exd5 19. g3 a4 20. Rhe1 Qd8 21. Nf4 Kh8 22. Nd3 Kg7 23. Qd2 Rh8 24. Bf4 Bxf4 25. Qxf4 Qf6 26. Qc7 Qf5 27. Re7 Rad8 28. g4 1-0

[Event "European Women-ch 2023"]
[Site "Petrovac"]
[Date "2023.03.18"]
[Round "1.12"]
[White "Bakalarz, Grazyna"]
[Black "Zhapova, Yana"]
[Result "0-1"]
[WhiteElo "1847"]
[BlackElo "2269"]
[Annotator "TA"]
[PlyCount "58"]
[EventDate "2023.03.15"]
[EventType "swiss"]
[EventCountry "MNE"]
[SourceTitle "playchess.com"]
[Source "ChessBase"]
[SourceQuality "1"]

1. e4 c6 2. d4 d5 3. exd5 cxd5 4. Bd3 Nc6 5. c3 Nf6 6. Bf4 Bg4 7. Qb3 Qd7 8. Nd2 e6 9. Ngf3 Bd6 10. Ne5 Qc7 11. Nxg4 Bxf4 12. Nxf6+ gxf6 13. Nf3 O-O-O 14. g3 Bd6 15. O-O-O Kb8 16. Kb1 Ne7 17. Nh4 Ng6 18. Ng2 Be7 19. c4 dxc4 20. Bxc4 Rd6 21. Ne3 f5 22. d5 Rb6 23. Qc3 Rc8 24. dxe6 fxe6 25. Qg7 f4 26. gxf4 Qxf4 27. Bb3 Qxf2 28. Rd3 Bf6 29. Nd1 Qf4 0-1

[Event "European Women-ch 2023"]
[Site "Petrovac"]
[Date "2023.03.18"]
[Round "1.13"]
[White "Fataliyeva, Ulviyya"]
[Black "Ivekovic, Tihana"]
[Result "1-0"]
[WhiteElo "2427"]
[BlackElo "2132"]
[Annotator "TA"]
[PlyCount "57"]
[EventDate "2023.03.15"]
[EventType "swiss"]
[EventCountry "MNE"]
[SourceTitle "playchess.com"]
[Source "ChessBase"]
[SourceQuality "1"]

1. Nf3 Nf6 2. c4 e6 3. e3 d5 4. b3 Be7 5. Nc3 O-O 6. Bb2 b6 7. cxd5 exd5 8. d4 Bb7 9. Rc1 Nbd7 10. Bd3 Re8 11. O-O a6 12. Ne5 b5 13. Ne2 Bd6 14. f4 c5 15. Ng3 c4 16. Bb1 g6 17. h4 Rc8 18. h5 Kg7 19. Qf3 Ba8 20. f5 g5 21. h6+ Kg8 22. Nh5 Bf8 23. Nxd7 Nxd7 24. f6 Bxh6 25. Ba3 Ne5 26. dxe5 d4 27. Qf5 d3 28. bxc4 bxc4 29. Rxc4 1-0

[Event "European Women-ch 2023"]
[Site "Petrovac"]
[Date "2023.03.18"]
[Round "1.13"]
[White "Melia, Salome"]
[Black "Pogorelskikh, Sofia"]
[Result "1/2-1/2"]
[WhiteElo "2366"]
[BlackElo "2102"]
[Annotator "TA"]
[PlyCount "108"]
[EventDate "2023.03.15"]
[EventType "swiss"]
[EventCountry "MNE"]
[SourceTitle "playchess.com"]
[Source "ChessBase"]
[SourceQuality "1"]

1. e4 c5 2. Nf3 Nc6 3. Bb5 g6 4. O-O Bg7 5. c3 e5 6. d4 cxd4 7. cxd4 exd4 8. Bf4 a6 9. Ba4 Nge7 10. Bd6 b5 11. Bb3 Bb7 12. Ng5 O-O 13. Qf3 Qe8 14. Qg3 Na5 15. Nd2 h6 16. Ngf3 Rc8 17. Rac1 Rxc1 18. Rxc1 Nxb3 19. axb3 f5 20. e5 f4 21. Qg4 Rf5 22. Rc7 Bc6 23. Bxe7 Qxe7 24. Qxg6 Qf8 25. h4 d3 26. Kh2 Rf7 27. Qxd3 Qb8 28. e6 Qxc7 29. exf7+ Kxf7 30. h5 Qd8 31. Qg6+ Kg8 32. Ne5 Bd5 33. Ndf3 Qe7 34. Ng4 Be4 35. Nxh6+ Kf8 36. Nf5 Qf6 37. N3h4 Bxf5 38. Qxf5 Qxf5 39. Nxf5 Bxb2 40. Kh3 a5 41. Nd6 a4 42. Nxb5 a3 43. Nxa3 Bxa3 44. Kg4 Bd6 45. b4 Kg7 46. b5 Kh6 47. b6 Bb8 48. g3 fxg3 49. fxg3 d5 50. b7 Bc7 51. Kf3 Kxh5 52. Ke3 Bb6+ 53. Kf4 Bc7+ 54. Ke3 Bb6+ 1/2-1/2

[Event "European Women-ch 2023"]
[Site "Petrovac"]
[Date "2023.03.18"]
[Round "1.13"]
[White "Radeva, Viktoria"]
[Black "Popovic, Mateja"]
[Result "1-0"]
[WhiteElo "2247"]
[BlackElo "1832"]
[Annotator "TA"]
[PlyCount "101"]
[EventDate "2023.03.15"]
[EventType "swiss"]
[EventCountry "MNE"]
[SourceTitle "playchess.com"]
[Source "ChessBase"]
[SourceQuality "1"]

1. e4 c5 2. Nf3 e6 3. d4 cxd4 4. Nxd4 Nc6 5. Nc3 Qc7 6. Be2 Nf6 7. O-O a6 8. Be3 d6 9. f4 Be7 10. Qe1 O-O 11. Qg3 Nxd4 12. Bxd4 b5 13. a3 Bb7 14. Rae1 g6 15. Bd3 e5 16. fxe5 Nh5 17. Qf2 dxe5 18. Bb6 Qd6 19. Be3 Nf6 20. Qf3 Qe6 21. Bg5 Bc5+ 22. Kh1 Nh5 23. Nd5 Bxd5 24. exd5 Qd6 25. Bh6 Ng7 26. Qf6 Qxf6 27. Rxf6 Rfd8 28. Rc6 Bd6 29. Bg5 Rd7 30. a4 Ne8 31. axb5 f6 32. Bd2 axb5 33. Bxb5 Rb8 34. Ba4 Nc7 35. Bb3 Rb5 36. Be3 Nxd5 37. Rd1 Be7 38. Rb6 Ra5 39. Bd2 Kg7 40. Bxa5 Nxb6 41. Rxd7 Nxd7 42. Bd5 f5 43. Kg1 Kf6 44. Kf1 g5 45. c4 Bc5 46. b4 Bd4 47. Bd8+ Kg6 48. Bc6 Nf8 49. Be8+ Kh6 50. c5 Ne6 51. c6 1-0

[Event "European Women-ch 2023"]
[Site "Petrovac"]
[Date "2023.03.18"]
[Round "1.14"]
[White "Kejzar, Petra"]
[Black "Wagner, Dinara"]
[Result "0-1"]
[WhiteElo "2128"]
[BlackElo "2411"]
[Annotator "TA"]
[PlyCount "46"]
[EventDate "2023.03.15"]
[EventType "swiss"]
[EventCountry "MNE"]
[SourceTitle "playchess.com"]
[Source "ChessBase"]
[SourceQuality "1"]

1. e4 c5 2. Nc3 d6 3. d4 cxd4 4. Qxd4 Nc6 5. Qd2 Nf6 6. b3 e6 7. Bb2 d5 8. exd5 exd5 9. O-O-O Be6 10. Nf3 Qa5 11. Bb5 Bb4 12. Rhe1 Ne4 13. Rxe4 dxe4 14. Nd4 O-O-O 15. Bxc6 bxc6 16. Qe3 Bd5 17. Na4 Rd7 18. Qh3 Rhd8 19. c3 Be7 20. Kc2 Kb7 21. Qxh7 c5 22. Ne2 Bc6 23. Rxd7+ Rxd7 0-1

[Event "European Women-ch 2023"]
[Site "Petrovac"]
[Date "2023.03.18"]
[Round "1.14"]
[White "Vidic, Teja"]
[Black "Bivol, Alina"]
[Result "0-1"]
[WhiteElo "2097"]
[BlackElo "2365"]
[Annotator "TA"]
[PlyCount "94"]
[EventDate "2023.03.15"]
[EventType "swiss"]
[EventCountry "MNE"]
[SourceTitle "playchess.com"]
[Source "ChessBase"]
[SourceQuality "1"]

1. e4 e5 2. Nc3 Nc6 3. Bc4 d6 4. d3 Nf6 5. f4 Na5 6. f5 c6 7. Qf3 b5 8. Bb3 b4 9. Nd1 d5 10. Ne2 dxe4 11. dxe4 Ba6 12. O-O Bc5+ 13. Kh1 Qb6 14. Bg5 h5 15. Nf2 Bxf2 16. Bxf6 gxf6 17. Qxf2 Qxf2 18. Rxf2 Rd8 19. Kg1 Ke7 20. a3 Nxb3 21. cxb3 bxa3 22. Nc3 Rd7 23. Rxa3 Bb5 24. Nxb5 cxb5 25. Rc2 Rhd8 26. Kf1 Rb7 27. Ke2 Rd4 28. Ke3 Rbd7 29. h3 b4 30. Ra4 Rd3+ 31. Ke2 Rxb3 32. Kf2 h4 33. Re2 Kf8 34. Rc2 Kg7 35. Kg1 Kh6 36. Rc4 Rd1+ 37. Kh2 Re3 38. Rc2 Ree1 39. g4 b3 40. Rf2 Rh1+ 41. Kg2 Rdg1+ 42. Kf3 Rxh3+ 43. Ke2 Rb1 44. Rxa7 Rxb2+ 45. Kf1 Rh1+ 46. Kg2 Rxf2+ 47. Kxh1 b2 0-1

[Event "European Women-ch 2023"]
[Site "Petrovac"]
[Date "2023.03.18"]
[Round "1.14"]
[White "Kobak, Polina"]
[Black "Olde, Margareth"]
[Result "1-0"]
[WhiteElo "1815"]
[BlackElo "2234"]
[Annotator "TA"]
[PlyCount "129"]
[EventDate "2023.03.15"]
[EventType "swiss"]
[EventCountry "MNE"]
[SourceTitle "playchess.com"]
[Source "ChessBase"]
[SourceQuality "1"]

1. d4 Nf6 2. c4 e6 3. Nf3 d5 4. Nc3 Bb4 5. Qa4+ Nc6 6. e3 O-O 7. Bd2 Bxc3 8. Bxc3 Ne4 9. Qc2 a5 10. a3 f5 11. Bd3 Bd7 12. O-O Be8 13. Ne5 Nxe5 14. dxe5 Bc6 15. b4 Nxc3 16. Qxc3 f4 17. b5 Bd7 18. exf4 Rxf4 19. Qc2 dxc4 20. Bxh7+ Kh8 21. Rad1 Rh4 22. Qd2 Kxh7 23. Qxd7 Qc8 24. f4 Rh6 25. Qe7 Qe8 26. Rd7 Qxe7 27. Rxe7 c6 28. b6 Kg6 29. Rxb7 Rhh8 30. Rc7 Kf5 31. Rc1 Kxf4 32. Rxc4+ Kxe5 33. R4xc6 Rhb8 34. Re7 Ra6 35. Rexe6+ Kd5 36. Kf2 Rb7 37. a4 Ra8 38. Rg6 Rf8+ 39. Kg3 Rff7 40. Rc8 Ke4 41. Rc5 Rbd7 42. Re6+ Kd4 43. Rxa5 Kc4 44. Rae5 Rd2 45. Re2 Rd3+ 46. R2e3 Rd2 47. Rf3 Rfd7 48. Rc6+ Kb4 49. Rc7 R7d6 50. Rxg7 Rxb6 51. Rg4+ Ka5 52. h4 Ka6 53. h5 Rbb2 54. Rf6+ Ka5 55. Rf5+ Kb6 56. Rg6+ Kc7 57. Rf7+ Rd7 58. Rxd7+ Kxd7 59. h6 Rb1 60. Kf4 Rb4+ 61. Kf5 Rxa4 62. Rg7+ Kd6 63. g4 Ra1 64. h7 Rh1 65. Ke4 1-0